00346cam a22001097a 4500008004000000082001300040100002300053245007300076260004100149300001000190650003600200180718b1963 xxu||||| |||| 00| 0 eng d aB71 Ef78 aEffross, Harris I. aOrigins of post-colonial countries in New Jersycby Harris I.Effross aNew JerseybHistorical Societyc1963 a122p. aCounty government --New Jersey.